| 000 | 00664nam a2200193 i 4500 | ||
|---|---|---|---|
| 001 | 23457 | ||
| 003 | ES-MaACL | ||
| 005 | 20240223183401.0 | ||
| 007 | t| | ||
| 008 | 021210s1961 sp ||||1| spa d | ||
| 100 | 1 |
_aÁlvarez Hernández, Dictino. _920838 |
|
| 245 | 1 | 0 |
_aEspaña y los españoles en Rubén Darío a través de su archivo y obra / _cDictinio Alvarez Hernández. |
| 260 |
_aMadrid : _bFacultad de Filosofía y Letras, _c1961. |
||
| 300 |
_a30 p. ; _c18 cm. |
||
| 502 | _aTesis doctoral. | ||
| 600 | 1 | 4 |
_aDarío, Rubén, _d1867-1916- _xCrítica e interpretación _942722 |
| 852 |
_aES-MaACL _j2025-F-2 _bR.49519 |
||
| 999 |
_c23457 _d23457 |
||